| 000 | 01331nam a22003737a 4500 | ||
|---|---|---|---|
| 003 | CHAP | ||
| 005 | 20220817042828.0 | ||
| 008 | 971013s1982 r 00010 d | ||
| 010 | _a56987 | ||
| 011 | _a57959 | ||
| 035 | _a62114 | ||
| 040 | _cCHAP | ||
| 082 |
_a574.5 _bS56Y |
||
| 100 | 0 | 0 |
_aSioli, Harald. _9106668 |
| 245 |
_aEcología y protección de la naturaleza _b: conclusiones internacionales |
||
| 260 |
_aBarcelona : _bBlume, _c1982 |
||
| 300 |
_a480 p. _b: ilus. |
||
| 490 |
_aBlume ecología _v; 17 |
||
| 590 |
_aBATCH-UPD _b10 _c20130110 _lUCH01 _h0349 |
||
| 590 |
_aBATCH-UPD _b10 _c20130110 _lUCH01 _h1804 |
||
| 590 |
_aBATCH-UPD _b10 _c20130410 _lUCH01 _h0023 |
||
| 590 |
_aBATCH-UPD _b10 _c20130410 _lUCH01 _h1617 |
||
| 590 |
_aBATCH-UPD _b10 _c20130914 _lUCH01 _h1228 |
||
| 590 |
_aCONVERSION _b10 _c20130109 _lUCH01 _h1331 |
||
| 650 | 1 | 4 |
_aEcología. _935134 |
| 650 | 1 | 4 |
_aMedio ambiente _xContaminación. _974069 |
| 650 | 1 | 4 |
_aRecursos naturales _xConservación. |
| 830 | 0 |
_aBlume ecología _v; 17 _913230 |
|
| 901 | _aBK | ||
| 942 | _cLIBRO | ||
| 949 |
_a574.5 S56Y _bBC _cLIBRO _d33724000470779 _eLIBRO _fc.2 _gI. 126382 _h66593 _i62114 _si |
||
| 949 |
_a574.5 S56Y _bBC _cLIBRO _d33724000864310 _eLIBRO _fc.3 _gI. 126383 _h66594 _i62114 _si |
||
| 949 |
_a574.5 S56Y _bBC _cLIBRO _d33724002019702 _eLIBRO _gI. 126381 _h66592 _i62114 _si |
||
| 999 |
_c56987 _d56987 |
||